Traditional baby songs and children ring plays from old Providence and Santa Catalina islands = Canciones de cuna y juegos de ronda tradicionales de las islas de Providencia y Santa Catalina (Record no. 3295)
[ view plain ]
| 000 -LEADER | |
|---|---|
| campo de control de longitud fija | 01304njm a2200265 a 4500 |
| 005 - FECHA Y HORA DE LA ÚLTIMA TRANSACCIÓN | |
| campo de control | 20230705221714.0 |
| 008 - DATOS DE LONGITUD FIJA--INFORMACIÓN GENERAL | |
| campo de control de longitud fija | 161213s2016 ck z 000 0 spa |
| 040 ## - FUENTE DE CATALOGACIÓN | |
| Centro catalogador/agencia de origen | CO-BoRNBP |
| Lengua de catalogación | spa |
| Normas de descripción | rda |
| Centro/agencia transcriptor | CO-BoRNBP |
| 084 ## - OTRO NÚMERO DE CLASIFICACIÓN | |
| Número de clasificación | P TRA8 |
| 245 #0 - MENCIÓN DEL TÍTULO | |
| Título | Traditional baby songs and children ring plays from old Providence and Santa Catalina islands = Canciones de cuna y juegos de ronda tradicionales de las islas de Providencia y Santa Catalina |
| Resto del título | sweet songs fl piknini = canciones dulces para niños |
| Medio | Registro sonoro |
| 250 ## - MENCION DE EDICION | |
| Mención de edición | Edición especial |
| 264 ## - PRODUCCIÓN, PUBLICACIÓN, DISTRIBUCIÓN, FABRICACIÓN Y COPYRIGHT | |
| Producción, publicación, distribución, fabricación y copyright | Bogotá |
| Nombre del de productor, editor, distribuidor, fabricante | Ministerio de Cultura |
| Fecha de producción, publicación, distribución, fabricación o copyright | 2016 |
| 300 ## - DESCRIPCIÓN FÍSICA | |
| Extensión | 1 disco compacto sonido., stereo (20 minutos) |
| Dimensiones | 12 cm |
| 336 ## - TIPO DE CONTENIDO | |
| Término de tipo de contenido | texto |
| Código de tipo de contenido | txt |
| Fuente | rdacontent |
| 337 ## - TIPO DE MEDIO | |
| Nombre/término del tipo de medio | sin mediación |
| Código del tipo de medio | n |
| Fuente | rdamedia |
| 338 ## - TIPO DE SOPORTE | |
| Nombre/término del tipo de soporte | volumen |
| Código del tipo de soporte | nc |
| Fuente | rdacarrier |
| 490 ## - MENCIÓN DE SERIE | |
| Mención de serie | ¿Plan Nacional de Lectura y Escritura Leer es mi Cuento. 2016 |
| 500 ## - NOTA GENERAL | |
| Nota general | Incluye cancionero |
| 505 ## - NOTA DE CONTENIDO CON FORMATO | |
| Nota de contenido con formato | Out and through the window -- London bridge -- Brown girl -- Mayaya O -- Drop a letter -- A little cusy -- Clap han -- Jesus loves me -- Miss Lucy -- A poco |
| 521 ## - NOTA DE PÚBLICO DESTINATARIO | |
| Nota de público destinatario | Desde el nacimiento |
| 650 14 - PUNTO DE ACCESO ADICIONAL DE MATERIA--TÉRMINO DE MATERIA | |
| Fuente del encabezamiento o término | LEMB |
| Término de materia o nombre geográfico como elemento de entrada | Canciones de cuna |
| Subdivisión general | Disco compacto |
| 9 (RLIN) | 87154 |
| 650 14 - PUNTO DE ACCESO ADICIONAL DE MATERIA--TÉRMINO DE MATERIA | |
| Fuente del encabezamiento o término | LEMB |
| Término de materia o nombre geográfico como elemento de entrada | Canciones Infantiles |
| Subdivisión general | Disco compacto |
| 9 (RLIN) | 87155 |
| 650 14 - PUNTO DE ACCESO ADICIONAL DE MATERIA--TÉRMINO DE MATERIA | |
| Fuente del encabezamiento o término | LEMB |
| Término de materia o nombre geográfico como elemento de entrada | Juegos con música |
| Subdivisión general | Disco compacto |
| 9 (RLIN) | 87156 |
| 942 ## - ELEMENTOS DE ENTRADA SECUNDARIOS (KOHA) | |
| Fuente del sistema de clasificación o colocación | |
| Tipo de ítem Koha | CD |
No items available.